DB2 developer's guide

Αποθηκεύτηκε σε:
Λεπτομέρειες βιβλιογραφικής εγγραφής
Κύριος συγγραφέας: Mullins, Craig
Μορφή: Βιβλίο
Γλώσσα:English
Δημοσίευση: Indianapolis, Ind. : Sams Pub., c1997
Έκδοση:3rd ed.
Θέματα:
Ετικέτες: Προσθήκη ετικέτας
Δεν υπάρχουν, Καταχωρήστε ετικέτα πρώτοι!

MARC

LEADER 00000nam a2200000 i 4500
001 1/96312
008 000128s1997 eng d
020 |a 0672311682 
035 |l 10055713 
040 |a GR-MY-UA  |b gre  |e aacr 
041 0 |a eng 
082 0 |a 005.7565 
100 1 |a Mullins, Craig. 
245 1 0 |a DB2 developer's guide /  |c Craig S. Mullins 
250 |a 3rd ed. 
260 |a Indianapolis, Ind. :   |b Sams Pub.,   |c c1997 
300 |a xxxiii, 1395 p.;  |b ill.;  |c 24 cm.+  |e 1 computer laser optical disc (4 3/4 in.) 
504 |a Imcludes index 
630 0 0 |a IBM Database 2. 
650 0 0 |a Database management. 
852 |a INST  |b SAMOS  |e 20000128  |h 005.7565 MUL  |p 005300016225  |q 005300016225  |t BK  |y 0 
852 |a INST  |b SAMOS  |e 20000128  |h 005.7565 MUL   |p 005300015724  |q 005300015724  |t BK  |y 0 
901 |a BIBL3-2000-1 
909 |a Σ  |b 071287 
909 |a Σ  |b 067603 
922 |a 3ΕΛΗ  |b 199912  |c ΤΠΕΣ  |d ΠΑΠΑΣΩΤΗΡΙΟΥ 
950 |a 133-1999-07-20 
970 |a ΠΟΥΡΝΑΡΑΣ  |b ΔΗΜΗΤΡΗΣ  |z 2000/01/28